000 00658nam a2200181 a 4500
008 121114s1980 ||||||||||||||||| || u
020 _a0043410154
050 _aJX 4411 Mar
100 _aBirnie, Patricia
245 1 4 _aThe maritime dimension
_cedited by R. P. Barston and Patricia Birnie
260 _aLondon:
_c1980
300 _a194p.: ill.
500 _aIncludes Bibliography
650 _aMARINE RESOURCES CONSERVATION--LAW AND LEGISLATION
650 _aMARITIME LAW
700 _aBarston, R. P
995 _aSPECIAL COLLECTIONS
_e500297
_FCBU-DAG HAMMARSKJOLD INSTITUTE LIBRARY
_jDAG JX 4411 Mar
_M1
_UAVAILABLE
_WNov 23, 2012
_y500297
_ZDHIPS Book Collection
999 _c361
_d361